A history of Greece
Αποθηκεύτηκε σε:
| Κύριος συγγραφέας: | |
|---|---|
| Μορφή: | Βιβλίο |
| Γλώσσα: | English |
| Δημοσίευση: |
London :
Methuen,
1938
|
| Έκδοση: | 4th ed. |
| Ετικέτες: |
Προσθήκη ετικέτας
Δεν υπάρχουν, Καταχωρήστε ετικέτα πρώτοι!
|
MARC
| LEADER | 00000cam a2200000 i 4500 | ||
|---|---|---|---|
| 001 | 1/7277 | ||
| 008 | 000620s1938####gr || 000 | eng|| | ||
| 035 | |l 10062226 | ||
| 040 | |a GR-MY-UA |b gre |e aacr | ||
| 041 | 0 | |a eng | |
| 082 | 0 | |a 938 | |
| 100 | 1 | |a Robinson, Cyril E. |q (Cyril Edward), |d 1884-1981. | |
| 245 | 1 | 2 | |a A history of Greece / |c by Cyril E. Robinson. |
| 250 | |a 4th ed. | ||
| 260 | |a London : |b Methuen, |c 1938 | ||
| 300 | |a 480 σ. : |b εικ., χάρτες. | ||
| 504 | |a Περιέχει ευρετήριο. | ||
| 506 | 1 | |a Μόνο για ανάγνωση. |c Βρίσκεται σε κλειστή συλλογή. Διαθέσιμο εάν ζητηθεί. | |
| 852 | |a INST |b LESVOS |e 20000620 |h 938 ROB |p 005100023689 |q 005100023689 |t BK |y 0 | ||
| 909 | |a Λ |b 076597 | ||
| 970 | |z 2000/06/ΟΙΚΟΝΟΜΟΠΟΥΛΟΥ ΧΡΙΣΤΙΝΑ | ||